Cartas de San Jerónimo. (Record no. 171230)

MARC details
000 -LEADER
campo de control de longitud fija 00863nam a2200253 i 4500
001 - NÚMERO DE CONTROL
campo de control 171230
003 - IDENTIFICADOR DE NÚMERO DE CONTROL
campo de control ES-MaACL
005 - FECHA Y HORA DE LA ÚLTIMA TRANSACCIÓN
campo de control 20250821063105.0
008 - DATOS DE LONGITUD FIJA--INFORMACIÓN GENERAL
campo de control de longitud fija 090506s1962 sp |||| | spa d
017 ## - NÚMERO DE COPYRIGHT O DE DEPÓSITO LEGAL
Número de copyright o de depósito legal M 16423-1962
100 0# - ENTRADA PRINCIPAL--NOMBRE DE PERSONA
Nombre de persona Jerónimo,
Títulos y otros términos asociados al nombre Santo
9 (RLIN) 66343
245 10 - MENCIÓN DEL TÍTULO
Título Cartas de San Jerónimo.
Número de parte o sección de la obra I-II (último) /
Mención de responsabilidad, etc. introducción, versión y notas por Daniel Ruiz Bueno.
250 ## - MENCION DE EDICION
Mención de edición Ed. bilingüe.
260 ## - PUBLICACIÓN, DISTRIBUCIÓN, ETC.
Lugar de publicación, distribución, etc. Madrid :
Nombre del editor, distribuidor, etc. La Editorial Católica,
Fecha de publicación, distribución, etc. 1962.
300 ## - DESCRIPCIÓN FÍSICA
Extensión 2 v. ;
Dimensiones 20 cm.
490 1# - MENCIÓN DE SERIE
Mención de serie Biblioteca de autores cristianos ;
Designación de volumen o secuencia 219, 220
500 ## - NOTA GENERAL
Nota general Índice.
546 ## - NOTA DE IDIOMA
Nota de lengua/lenguaje Texto en latín y traducción en español.
700 0# - ENTRADA AGREGADA--NOMBRE PERSONAL
Nombre de persona Ruiz Bueno, Daniel.
9 (RLIN) 100677
830 00 - PUNTO DE ACCESO ADICIONAL DE SERIE-TÍTULO UNIFORME
Título uniforme Biblioteca de autores cristianos
Designación de volumen o secuencia 219, 220
9 (RLIN) 178679
852 ## - LOCALIZACIÓN
Ubicación ES-MaACL
Número de control de estantería J-214-15
itemnumber R.46092
Holdings
Estatus retirado Estado de pérdida Estado de daño No para préstamo Biblioteca de origen Biblioteca actual Ubicación en estantería Fecha de adquisición Fuente de adquisición Total de préstamos Signatura topográfica completa Código de barras Visto por última vez Precio de reemplazo Tipo de ítem Koha
        Biblioteca del Ateneo de Madrid Biblioteca del Ateneo de Madrid Depósito 2 06/05/2009     J-214-15 1179697 23/02/2023 23/02/2023 Libro impreso